01429nam a2200241Ia 4500001001100000003001000011008004100021040002500062041001300087100003100100245006500131250001100196260008500207300001200292500026400304501011400568520026400682650002300946942000700969957000600976999004300982952016201025L248-15755IT-CnALBA170116s9999||||xx |||||||||||||| ||und|| aIT-CnALBAcIT-CnALBA aITALIANO aPEZZALI PIETRO, MONSIGNORE 0aUNA BUONA PAROLA ALLE NOSTRE DONNE. VOL. II: DONNA E SPOSA.  a1a ed. aMILANObDAVERIO GIOVANNI EDITORE c1925 [1° Ed.:1925 - Ed.Ling.Originale: 1925] a290 p.  aMARIA E LA DONNA. DONNA E PIETÀ. LA DOMENICA: S. MESSA E DOTTRINA. SACRAMENTI. DIVOZIONE AL CROCIFISSO. A MARIA. ROSARIO. DEFUNTI. DONNA E LAVORO. LA DESOLATA. DONNA E VERGINITÀ. DONNA FORTE E PRUDENTE. LA MADDALENA, SAMARITANA. L'ADULTERA. AMORE CONIUGAL aSocietà San Paolo EM - Piazza San Paolo, 14 - 12051 ALBA (CN) (non commercial uses only) ® Copyright 2017 aMARIA E LA DONNA. DONNA E PIETÀ. LA DOMENICA: S. MESSA E DOTTRINA. SACRAMENTI. DIVOZIONE AL CROCIFISSO. A MARIA. ROSARIO. DEFUNTI. DONNA E LAVORO. LA DESOLATA. DONNA E VERGINITÀ. DONNA FORTE E PRUDENTE. LA MADDALENA, SAMARITANA. L'ADULTERA. AMORE CONIUGAL aASCETICA E MISTICA cBK 71 a20505bSI g Copie: 1 c274924d274924 0010406L_2481575571aALBAbALBAd2017-01-16l0oL248-15755r2017-01-16 00:00:00w2017-01-16yBKz(data import: 16 gennaio 2017) - By Epidotti, Vaglietti.